000 00429nam a2200169Ia 4500
008 230524s9999 xx 000 0 und d
020 _a1403930996
082 _a650.014
_bGOY
100 _aD P Goyal
245 0 _aManagement Information Systems : Managerial Perspectives
250 _a2ND
260 _aNEW DELHI
_bMacmillan
_c2007
300 _aXVI;363
500 _aQuantity Number: 2
650 _aComp-Sc
942 _cBK
999 _c46808
_d46808